Derecho humano de acceso al agua : (Record no. 200022)

MARC details
000 -CABECERA
campo de control de longitud fija 00874nam a2200241 a 4500
005 - FECHA Y HORA DE LA ÚLTIMA TRANSACCIÓN
campo de control 20210223133713.0
008 - ELEMENTOS DE LONGITUD FIJA--INFORMACIÓN GENERAL
campo de control de longitud fija 181120s2017 mx r 000 0 spa d
020 ## - NÚMERO INTERNACIONAL NORMALIZADO PARA LIBROS
Número Internacional Estándar del Libro 9786077364849
035 ## - NÚMERO DE CONTROL DEL SISTEMA
Número de control de sistema UPN01000227927
049 ## - COLECCIÓN
Colección CG
050 #4 - SIGNATURA TOPOGRÁFICA DE LA BIBLIOTECA DEL CONGRESO
Número de clasificación HD1696.5 A4.4
Número de documento/Ítem A9.3
100 1# - ASIENTO PRINCIPAL--NOMBRE PERSONAL
Nombre de persona Azar López, Bernardo Anwar
9 (RLIN) 42445
245 10 - MENCIÓN DE TÍTULO
Título Derecho humano de acceso al agua :
Resto del título gestión del oro azul /
Mención de responsabilidad, etc. Bernardo Anwar Azar López, María de Jesús Medina-Arellano.
260 ## - PUBLICACIÓN, DISTRIBUCIÓN, ETC.
Lugar de publicación, distribución, etc. México :
Nombre del editor, distribuidor, etc. Fontamara,
Fecha de publicación, distribución, etc. 2017.
300 ## - DESCRIPCIÓN FÍSICA
Extensión 202 p. :
Otras características físicas tablas
440 #0 - MENCIÓN DE SERIE/ASIENTO SECUNDARIO--TÍTULO
Título Doctrina jurídica contemporánea ;
Designación de volumen o secuencia 80
650 #4 - ASIENTO SECUNDARIO DE MATERIA - TERMINO TEMATICO
Término de materia o nombre geográfico como elemento de entrada DERECHO AL AGUA -
Subdivisión geográfica AMERICA LATINA
9 (RLIN) 23478
650 #4 - ASIENTO SECUNDARIO DE MATERIA - TERMINO TEMATICO
Término de materia o nombre geográfico como elemento de entrada AGUA -
Subdivisión general APROVECHAMIENTO -
Subdivisión geográfica AMERICA LATINA
9 (RLIN) 1682
651 #4 - ASIENTO SECUNDARIO DE MATERIA - NOMBRE GEOGRAFICO
Nombre geográfico AMERICA LATINA -
Subdivisión general ABASTECIMIENTO DE AGUA
9 (RLIN) 1683
700 1# - ASIENTO SECUNDARIO--NOMBRE DE PERSONAL
Nombre de persona Medina Arellano, María de Jesús,
Término indicativo de función/relación coaut.
9 (RLIN) 42446
905 ## - TIPO DE MATERIAL
Tipo de material Libro
Holdings
Estado de retiro Estado de pérdida Fuente del sistema de clasificación o colocación Estado dañado No para préstamo Código de colección Localización permanente Ubicación/localización actual Ubicación en estantería Total de préstamos Clasificación Código de barras Fecha visto por última vez Número de copia Tipo de ítem Koha
    Library of Congress Classification     Colección General Bib. Gregorio Torres Quintero Bib. Gregorio Torres Quintero Planta baja   HD1696.5 A4.4 A9.3 328058 31/12/2020 1 Libro
    Library of Congress Classification     Colección General Bib. Gregorio Torres Quintero Bib. Gregorio Torres Quintero Planta baja   HD1696.5 A4.4 A9.3 328059 31/12/2020 1 Libro